Uzaktan eğitim (e-öğrenme) kılavuzu (Record no. 6587)

MARC details
000 -BAŞLIK
Sabit Uzunlukta Kontrol Alanı 00624na a2200229 4500
001 - KONTROL NUMARASI
Denetim Alanı 19519
003 - KONTROL NUMARASI IDENTIFIER
Denetim Alanı MIRAKIL
005 - SON İŞLEM TARİHİ VE ZAMANI
Denetim Alanı 20181213155112.0
008 - SABİT-BOY VERİ ELEMANLARI - GENEL BİLGİLER
Sabit Uzunlukta Kontrol Alanı 161216b tu 000 0
020 ## - ULUSLARARASI STANDART KİTAP NUMARASI
Uluslararası Standart Kitap Numarası 9759630710
040 ## - KATALOGLAMA KAYNAK
Orijinal Kataloglama Ajansı Milas
Kataloglama Dili tur
Metne Dönüştürmek Ajansı TR-AnCHP
041 ## - DİL KODU
Metin / Ses Parça Veya Ayrı Başlığın Dil Kodu tur
082 ## - DEWEY ONLU SINIFLANDIRMA NUMARASI
Sınıflandırma Numarası 371.334
Ürün Numarası U92 2003
090 ## - SINIFLAMA NUMARASI
Sınıflama Numarası 371.334 U92 2003
245 ## - BAŞLIK TABLOSU
Başlık Uzaktan eğitim (e-öğrenme) kılavuzu
Başlığın Kalan sürüm-1
Sorumluluk Tablosu, Vb Türkiye Bilişim Vakfı
260 ## - YAYIN, DAĞITIM, VB
Yayın, Dağıtım, Vb Yeri İstanbul
Yayıncı, Dağıtıcı, Vs Adı Türkiye Bilişim Vakfı
Yayın, Dağıtım, Vb Tarihi 2003
300 ## - FİZİKSEL TANIM
Kapsam 64 s.
Boyutlar 28 sm.
504 ## - KAYNAKÇA VB NOT
Kaynakça Vb Notu Kaynakça var.
650 ## - KONU KATMA GİRİŞ - TOPİKAL DÖNEM
Topikal Süreli Veya Coğrafi Ad Giriş Elemanı Uzaktan eğitim
Genel Alt Bölümü Rehberler
710 ## - KATMA GİRİŞ - KURUMSAL ADI
Giriş Elemanı Olarak Kurumsal Ad Veya Yargı Alanı Adı TBV
942 ## - EKLENDİ GİRİŞ ELEMANLARI (KOHA)
Sınıflandırma Veya Raf Düzeni Kaynak Dewey Decimal Classification
Koha Öğesi Türü Books
999 ## - SİSTEM KONTROL NUMARALARI (KOHA)
Koha Biblionumber 6587
Koha Biblioitemnumber 6587
Holdings
Kalıcı Konum Mevcut Konum Edinme Tarihi Edinim Kaynak Toplam Check-Out'Lar Tam Çağrı Numarası Barkod Tarih Son Görülme İtibaren Geçerli Fiyatlar Koha Öğesi Türü
CHP Kütüphanesi CHP Kütüphanesi 12/16/2016 Bağış   371.334 U92 2003 011612 12/16/2016 12/16/2016 Books